| 000 | 00726nam a22002057a 4500 | ||
|---|---|---|---|
| 999 |
_c6373 _d6373 |
||
| 003 | AR-CdUCM | ||
| 008 | 190315b ||||| |||| 00| 0 esp d | ||
| 040 |
_aMUNICIPALIDAD PROVINCIAL DEL CUSCO _cBIBLIOTECA MUNICIPAL DEL CUSCO |
||
| 082 |
_a869.301 / _bP69 |
||
| 100 |
_aPoblete, Carlos _917803 |
||
| 245 |
_aExposición de la poesía chilena / _cCarlos Poblete. |
||
| 260 |
_aBuenos Aires : _bClaridad, _c1941. |
||
| 300 |
_a335 páginas ; _c21 cm. |
||
| 500 | _aDonación de la familia Luis Nieto. | ||
| 505 | _aLos poetas de la conquista -- Los iniciadores -- De los modernistas a Vicente Huidobro ... | ||
| 650 |
_aPoesía Chilena _95520 |
||
| 650 |
_aHistoria y critica _95993 |
||
| 942 |
_2ddc _cLIBROS |
||
| 945 | _aacrt | ||